000 00680cam a22002293a 4500
001 6910
003 PGUSA
005 20140828083138.0
008 041101s2004||||xxu|||||s|||||000 | eng d
040 _aPGUSA
_beng
042 _adc
050 4 _aDA
100 1 _aTytler, Sarah,
_d1827-1914
245 1 0 _aLife of Her Most Gracious Majesty the Queen — Volume 1
_h[electronic resource] /
_cSarah Tytler
260 _bProject Gutenberg,
_c2004
506 _aPublic domain in the USA.
516 _aElectronic text
653 _aVictoria, Queen of Great Britain, 1819-1901
830 0 _aProject Gutenberg
_v6910
856 4 0 _uhttp://www.gutenberg.org/ebooks/6910
942 _cEB
999 _c236230
_d236230